000 00589nam a22002177a 4500
003 UA-OsUOA
001 46747
007 ta
008 20070705b un ||||| |||| 00| 0 ukr d
090 _a82.09
_bП35
942 _cBK
040 _aUA-OsUOA
_bukr
_cUA-OsUOA
_dUA-OsUOA
245 _aПисьменники про свою роботу
300 _a154 с.
955 _a4
041 _aukr
080 _a82.09
260 _aК.
_bВид-во ЦК ЛКСМУ "Молодь"
_c1956
650 7 _a82 Література. Літературознавство
_2UDC
999 _c332847
_d332847